000 00358nam a22001577a 4500
003 SGT
020 _a978-1-4557-2810-7
082 _a6140.734
_bP14J
100 _aJARVIS, CAROLYN
245 _aPHYSICAL EXAMINATION & HEALTH ASSESSMENT
250 _a7TH
260 _aLOUIS
_bELSEVIER
_c2016
300 _a874
650 _aMEDICINE
942 _2ddc
_cBK
999 _c10820
_d10820